Handbuch der Archäologie
Sábháilte in:
| Príomhchruthaitheoir: | |
|---|---|
| Formáid: | LEABHAR |
| Teanga: | Gearmáinis |
| Foilsithe / Cruthaithe: |
Múnich
Buchhandlung
1954
|
| Ábhair: | |
| Clibeanna: |
Cuir clib leis
Níl clibeanna ann, Bí ar an gcéad duine le clib a chur leis an taifead seo!
|
MARC
| LEADER | 00000nam a2200000 a 4500 | ||
|---|---|---|---|
| 001 | UCP7849 | ||
| 003 | CL-VaPUC | ||
| 008 | 000106e19540000GW |||||||||||||||||ger|d | ||
| 082 | 0 | 4 | |a 930.1 |b OTT |2 21 |
| 100 | |a Otto, Walter F. |e verfasser |9 349727 | ||
| 245 | 1 | 0 | |a Handbuch der Archäologie |
| 300 | |a 74 p | ||
| 942 | |c BK | ||
| 945 | |d 20000106 00:00:00 |a rherrera | ||
| 260 | |a Múnich |b Buchhandlung |c 1954 | ||
| 650 | 0 | |a Arqueología |9 265619 | |
| 650 | 0 | |a Civilizaciones antiguas |9 265998 | |
| 650 | 0 | |a Arte antiguo |9 330766 | |
| 650 | 7 | |a GRECIA |2 CL-VaPUC |9 415287 | |
| 650 | 7 | |a ROMA |2 CL-VaPUC |9 317375 | |
| 583 | |a last modification |c 20000106 00:00:00 |k Rodrigo Vera | ||
| 999 | |c 284888 |d 284886 | ||
| 952 | |0 0 |1 0 |4 0 |6 930_100000000000000_OTT_1954 |7 0 |8 A |9 329187 |a BIBHIS |b BIBHIS |d 2019-11-20 |i 1377981 |o 930.1 OTT 1954 |p 1377981 |r 2023-01-25 |w 2019-11-20 |y BK |k HIS | ||